Výskumná úloha VEGA 1/0184/16: Eliminácia medzinárodného dvojitého zdanenia a jej vplyv na rozvoj podnikania a investovania v SR zborník vedeckých statí
Salvato in:
| Ente Autore: | |
|---|---|
| Altri autori: | , , |
| Natura: | Libro |
| Lingua: | slovacco inglese |
| Pubblicazione: |
Bratislava
Vydavateľstvo EKONÓM
2018
|
| Edizione: | 1. vydanie |
| Soggetti: | |
| Tags: |
Nessun Tag, puoi essere il primo ad aggiungerne!!
|
MARC
| LEADER | 00000nam a2200000 4500 | ||
|---|---|---|---|
| 001 | 0250373 | ||
| 005 | 20240502074019.7 | ||
| 020 | |a 978-80-225-4557-0 | ||
| 041 | 0 | |a slo | |
| 041 | 0 | |a eng | |
| 044 | |a SK | ||
| 245 | 1 | 0 | |a Výskumná úloha VEGA 1/0184/16: Eliminácia medzinárodného dvojitého zdanenia a jej vplyv na rozvoj podnikania a investovania v SR |b zborník vedeckých statí |c Miloš Bikár, Ivona Ďurinová, Gizela Lénártová ; zostavovateľ: Miroslav Kmeťko |
| 250 | |a 1. vydanie | ||
| 264 | 1 | |a Bratislava |b Vydavateľstvo EKONÓM |c 2018 | |
| 300 | |a 61 s. [3,2 AH] | ||
| 610 | 2 | 0 | |a politika daňová |
| 610 | 2 | 0 | |a zdaňovanie medzinárodné |
| 610 | 2 | 0 | |a zdanenie dvojité |
| 610 | 2 | 0 | |a dopad daňový |
| 610 | 2 | 0 | |a podnikanie |
| 610 | 2 | 0 | |a investovanie |
| 610 | 2 | 0 | |a cykly hospodárske |
| 610 | 2 | 0 | |a kríza |
| 610 | 2 | 0 | |a dane korporatívne |
| 610 | 2 | 0 | |a fondy podielové |
| 610 | 2 | 0 | |a politika environmentálna |
| 610 | 2 | 0 | |a dane |
| 610 | 2 | 0 | |a Európska únia |
| 700 | 1 | |a Kmeťko, Miroslav, 1969- | |
| 700 | 1 | |a Fetisovová, Elena | |
| 700 | 1 | |a Miková, Oľga | |
| 710 | 2 | |a Fakulta podnikového manažmentu EU. Katedra podnikových financií | |